Una experiencia social de interés sociológico (Record no. 141865)
[ view plain ]
| 000 -LEADER | |
|---|---|
| campo de control de longitud fija | 00663nam a2200193 i 4500 |
| 001 - NÚMERO DE CONTROL | |
| campo de control | 141865 |
| 003 - IDENTIFICADOR DE NÚMERO DE CONTROL | |
| campo de control | ES-MaACL |
| 005 - FECHA Y HORA DE LA ÚLTIMA TRANSACCIÓN | |
| campo de control | 20250831115956.0 |
| 007 - CAMPO FIJO DE DESCRIPCIÓN FÍSICA--INFORMACIÓN GENERAL | |
| campo de control de longitud fija | t| |
| 008 - DATOS DE LONGITUD FIJA--INFORMACIÓN GENERAL | |
| campo de control de longitud fija | 070928s1953 sp ||||1| spa d |
| 100 1# - ENTRADA PRINCIPAL--NOMBRE DE PERSONA | |
| Nombre de persona | Viñas y Mey, Carmelo |
| 9 (RLIN) | 115384 |
| 245 10 - MENCIÓN DEL TÍTULO | |
| Título | Una experiencia social de interés sociológico |
| Resto del título | : la reforma agraria de Bolivia / |
| Mención de responsabilidad, etc. | por C. V. M. |
| 260 ## - PUBLICACIÓN, DISTRIBUCIÓN, ETC. | |
| Lugar de publicación, distribución, etc. | [S.l. : |
| Nombre del editor, distribuidor, etc. | s.n., |
| Fecha de publicación, distribución, etc. | 1953] |
| 300 ## - DESCRIPCIÓN FÍSICA | |
| Extensión | 12 p. ; |
| Dimensiones | 25 cm. |
| 500 ## - NOTA GENERAL | |
| Nota general | Es separata de la Revista Internacional de Sociología. Año XI (abril-junio 1953), núm. 12. |
| 650 14 - PUNTO DE ACCESO ADICIONAL DE MATERIA--TÉRMINO DE MATERIA | |
| Término de materia o nombre geográfico como elemento de entrada | Reforma agraria- |
| Subdivisión geográfica | Bolivia |
| 9 (RLIN) | 16719 |
| 852 ## - LOCALIZACIÓN | |
| Ubicación | ES-MaACL |
| Número de control de estantería | 1961-F-5 |
| Estatus retirado | Estado de pérdida | Estado de daño | No para préstamo | Colección | Biblioteca de origen | Biblioteca actual | Ubicación en estantería | Fecha de adquisición | Fuente de adquisición | Total de préstamos | Signatura topográfica completa | Código de barras | Visto por última vez | Precio de reemplazo | Tipo de ítem Koha |
|---|---|---|---|---|---|---|---|---|---|---|---|---|---|---|---|
| Colección de folletos | Biblioteca del Ateneo de Madrid | Biblioteca del Ateneo de Madrid | Depósito folletos | 17/01/2008 | 1961-F-5 | 1147613 | 23/02/2023 | 23/02/2023 | Folleto |
